Remarks on the phonology of the Monguor language

Elmentve itt :
Bibliográfiai részletek
Szerző: Róna-Tas András
Dokumentumtípus: Cikk
Megjelent: 1960
Sorozat:Acta Orientalia Academiae Scientiarum Hungaricae;Acta Orientalia Academiae Scientiarum Hungaricae : a Magyar Tudományos Akadémia orientalisztikai közleményei
Kulcsszavak:Monguor nyelv - hangtan
Tárgyszavak:
Online Access:http://misc.bibl.u-szeged.hu/62092
LEADER 00898nab a2200229 i 4500
001 misc62092
005 20230630110450.0
008 230601s1960 hu o 0|| eng d
040 |a SZTE Miscellanea Repozitórium  |b hun 
041 |a eng 
100 2 |a Róna-Tas András 
245 1 0 |a Remarks on the phonology of the Monguor language  |h [elektronikus dokumentum] /  |c  Róna-Tas András 
260 |c 1960 
300 |a 263-267  |c 24 cm 
300 |a [5] p.  |c 24 cm 
490 0 |a Acta Orientalia Academiae Scientiarum Hungaricae;Acta Orientalia Academiae Scientiarum Hungaricae : a Magyar Tudományos Akadémia orientalisztikai közleményei 
561 |a Németh Gyula hagyaték 
591 |a LOA 3183; NOA 5002 
650 4 |a Bölcsészettudományok 
650 4 |a Nyelvek és irodalom 
695 |a Monguor nyelv - hangtan 
856 4 0 |u http://misc.bibl.u-szeged.hu/62092/1/5002_noa.pdf  |z Dokumentum-elérés